شرنقة شاهين / (Record no. 30834)

MARC details
000 -الفاتح
حقل البيانات ثابتة الطول 01144nam a22003137i 4500
003 - محدد رقم الضبط
رقم الضبط EG-ScBUE
005 - وقت وتاريخ اخر تعامل مع التسجيلة
رقم الضبط 20241212104034.0
008 - عناصر البيانات ثابتة الطول - معلومات عامة
حقل البيانات ثابتة الطول 220731s2023 ua f 000 0bara d
017 ## - رقم الإيداع القانونى
رقم الإيداع القانونى 2022 / 5433
020 ## - الرقم الدولى المعيارى للكتب
الرقم الدولى المعيارى للكتاب 9789778621303
040 ## - مصدر الفهرسة
وكالة الفهرسة الأصلية EG-ScBUE
لغة الفهرسة ara
قواعد الوصف rda
وكالة النسخ EG-ScBUE
وكالة التعديل EG-ScBUE
082 04 - رقم تصنيف ديوى العشرى
رقم الطبعة 22
رقم التصنيف ‪781.542
رقم المادة م و س
100 1# - المدخل الرئيسى - إسم شخصى
الإسم الشخصى المنصور، خيرية،
الدور مؤلف.
245 10 - بيان العنوان
العنوان شرنقة شاهين /
بيان المسئوليه,etc خيرية المنصور.
250 ## - بيان الطبعة
بيان الطبعة الطبعة الثانية.
264 #1 - النشر، التوزيع
مكان الناشر او الموزع الجيزة، مصر :
اسم الناشر او الموزع أطياف للنشر والتوزيع،
تاريخ النشر أو التوزيع 2023.
300 ## - الوصف المادى
التعداد 222 صفحة ؛
أبعاد الوعاء 24 سم
336 ## - نوع المحتوى
source rdacontent
Carrier Type Term نص
Content Type Code txt
337 ## - نوع الوسيط
source rdamedia
Media Type Term بدون وسيط
Media Type Code n
338 ## - نوع الحامل أو الناقل
source rdacarrier
Carrier Type Term مجلد
Carrier Type Code nc
504 ## - تبصرة ببليوجرافية
تبصرة ببليوجرافية,الخ يشتمل على إرجاعات ببليوجرافية.
541 ## - تبصرة المصدر المباشر للتزويد
مصدر التزويد Book from store.
600 17 - المدخل الاضافى بالموضوع-اسم شخصى
مصدر الرأس أو المصطلح BUEsh
الإسم الشخصى ‏شاهين، يوسف،
التواريخ المصاحبة للاسم 1926-2008.
650 #7 - المدخل الاضافى بالموضوع-مصطلح موضوعى
مصطلح موضوعي أو اسم جغرافي كعنصر مدخل الموسيقى التصويرية للأفلام.
مصدر الرأس أو المصطلح BUEsh
650 #7 - المدخل الاضافى بالموضوع-مصطلح موضوعى
مصطلح موضوعي أو اسم جغرافي كعنصر مدخل المخرجون السينمائيون
التقسيم الفرعي الشكلي تراجم.
مصدر الرأس أو المصطلح BUEsh
653 ## - مصطلح تكشيفى غير مقيد
Resource For college Arabic Literature
Arrived date list December2024
655 ## - مصطلح تكشيفى-نوع/شكل
التقسيم الفرعي الشكلي Reading book
942 ## - عناصر المدخل الإضافي( كوها)
مصدر التصنيف او مخطط الترفيف Dewey Decimal Classification
Holdings
حالة التراجع حالة الفقد مصدر التصنيف او خطة الترفيف حالة تلف ليس للاعارة مجموعات كوها المكان الدائم المكان الحالي موقع الترفيف تاريخ الاكتساب Source of acquisition رقم الاستدعاء الباركود Date last seen نوع الوعاء
    Dewey Decimal Classification     Donation-Gift Central Library Central Library Second Floor 12/12/2024 Donation ‪781.542 م و س 000057195 15/07/2025 Book - Borrowing